| 000 | 00594nam a22001697a 4500 | ||
|---|---|---|---|
| 003 | OSt | ||
| 005 | 20171010095518.0 | ||
| 008 | 120816t xxu||||| |||| 00| 0 eng d | ||
| 040 |
_aMMSU _cULS |
||
| 100 |
_aGabriel, Marcial D. _912180 |
||
| 245 |
_aTeaching resource package integrating mathematical concepts and skills with direct current circuits _cMarcial D. Gabriel |
||
| 260 | _c2001 | ||
| 300 |
_axiii, 163 leaves _c28 cm. |
||
| 500 | _aThesis (MA Education-Math) -- Mariano Marcos State University-Graduate School, Laoag City | ||
| 504 | _aBibliography: leaf 128 | ||
| 942 |
_2ddc _cTHEDIS |
||
| 999 |
_c9749 _d9749 |
||